Loading...
| 1 | 20.00 | 100% | 100% | 0% | |
| Fine Arts - Auditory Fine Arts | 5 | 24.00 | 100% | 80% | 60% |
| Fine Arts - Other Fine Arts | 4 | 12.50 | 100% | 25% | 0% |
| Fine Arts - Visual Fine Arts | 4 | 12.50 | 100% | 25% | 0% |
| Geography | 1 | 20.00 | 100% | 100% | 0% |
| History - American History | 3 | 10.00 | 67% | 0% | 33% |
| History - European History | 2 | 15.00 | 100% | 50% | 0% |
| History - Other History | 3 | 23.33 | 100% | 67% | 67% |
| History - World History | 1 | 20.00 | 100% | 100% | 0% |
| Literature - American Literature | 3 | 13.33 | 100% | 33% | 0% |
| Literature - British Literature | 4 | 15.00 | 100% | 50% | 0% |
| Literature - European Literature | 3 | 23.33 | 100% | 100% | 33% |
| Literature - World Literature | 4 | 17.50 | 100% | 50% | 25% |
| Mythology | 3 | 20.00 | 100% | 33% | 67% |
| Philosophy | 4 | 17.50 | 100% | 50% | 25% |
| Pop Culture | 2 | 10.00 | 100% | 0% | 0% |
| Religion | 5 | 18.00 | 100% | 80% | 0% |
| Science - Biology | 3 | 13.33 | 100% | 33% | 0% |
| Science - Chemistry | 6 | 15.00 | 83% | 50% | 17% |
| Science - Other Science | 6 | 21.67 | 100% | 83% | 33% |
| Science - Physics | 2 | 20.00 | 100% | 50% | 50% |
| Social Science | 4 | 10.00 | 100% | 0% | 0% |